[Event "Zhukovsky op"]
[Site "Zhukovsky"]
[Date "2012.04.??"]
[Round "6"]
[White "Ibragimov, Ali"]
[Black "Tselyutin, Viktor"]
[Result "1/2-1/2"]
[WhiteElo "2064"]
[BlackElo "1859"]
[PlyCount "56"]
[EventDate "2012.04.??"]
[EventType "swiss"]
[EventRounds "9"]
[EventCountry "RUS"]
[SourceTitle "EXT 2014"]
[Source "ChessBase"]
[SourceDate "2013.11.20"]
[SourceVersion "1"]
[SourceVersionDate "2013.11.20"]
[SourceQuality "1"]

1. e4 c5 2. d3 d6 3. Nf3 Nf6 4. Nbd2 Nc6 5. g3 g6 6. Bg2 Bg7 7. 0-0 0-0 8. Re1 Qc7 9. Nf1 Bg4 10. Ne3 Bxf3 11. Bxf3 e6 12. Bg2 Rad8 13. f4 b5 14. c3 Rb8 15. Qf3 Nd7 16. g4 a6 17. Rf1 c4 18. g5 Ne7 19. d4 b4 20. f5 exf5 21. exf5 gxf5 22. Nxf5 Nxf5 23. Qxf5 Rb5 24. Qe4 Nb6 25. a4 Ra5 26. Qh4 bxc3 27. Rf6 d5 28. b4 cxb3 1/2-1/2

[Event "Zhukovsky-A 02"]
[Site "Zhukovsky"]
[Date "2011.02.09"]
[Round "9"]
[White "Ambartsumian, David"]
[Black "Tselyutin, Viktor"]
[Result "1-0"]
[WhiteElo "1962"]
[BlackElo "1830"]
[PlyCount "119"]
[EventDate "2011.02.09"]
[EventType "swiss"]
[EventRounds "9"]
[EventCountry "RUS"]
[SourceTitle "EXT 2022"]
[Source "ChessBase"]
[SourceDate "2021.10.06"]
[SourceVersion "1"]
[SourceVersionDate "2021.10.06"]
[SourceQuality "1"]

1. Nf3 c5 2. c4 b6 3. Nc3 Bb7 4. e3 e6 5. d4 Nf6 6. Be2 a6 7. 0-0 Qc7 8. Ne5 d6 9. Nf3 Be7 10. Rb1 Nbd7 11. a3 0-0 12. b4 Ne4 13. Qb3 Nxc3 14. Qxc3 Be4 15. Bd3 Nf6 16. Bb2 Bxd3 17. Qxd3 Qc6 18. Ng5 g6 19. f3 Rfc8 20. Rfc1 Qc7 21. Ne4 Nxe4 22. Qxe4 cxb4 23. axb4 Bf8 24. f4 Bg7 25. d5 Bxb2 26. Rxb2 exd5 27. Qxd5 Qc6 28. Qd3 Qe8 29. Rc3 Qe6 30. Rd2 Rd8 31. Ra3 Rdc8 32. Rc2 a5 33. bxa5 bxa5 34. Ra4 Re8 35. Rc3 Qe4 36. Kf2 Qxd3 37. Rxd3 Ra6 38. Rd5 Re4 39. Kf3 f5 40. g4 Rc6 41. gxf5 gxf5 42. Rxf5 Rexc4 43. Raxa5 Rc8 44. Ra7 R4c7 45. Rxc7 Rxc7 46. Rf6 Rd7 47. Ke4 Kg7 48. Rf5 Re7+ 49. Kd4 h6 50. Rd5 Re6 51. f5 Rf6 52. e4 Kf7 53. Rb5 Ke7 54. Rb7+ Kd8 55. Kd5 Ke8 56. h4 Kf8 57. Rd7 Ke8 58. Rxd6 Ke7 59. Rxf6 Kxf6 60. Kd6 1-0

[Event "Zhukovsky-A 02"]
[Site "Zhukovsky"]
[Date "2011.02.09"]
[Round "4"]
[White "Tselyutin, Viktor"]
[Black "Vatolin, Aleksey"]
[Result "1-0"]
[WhiteElo "1830"]
[BlackElo "1668"]
[PlyCount "65"]
[EventDate "2011.02.09"]
[EventType "swiss"]
[EventRounds "9"]
[EventCountry "RUS"]
[SourceTitle "EXT 2022"]
[Source "ChessBase"]
[SourceDate "2021.10.06"]
[SourceVersion "1"]
[SourceVersionDate "2021.10.06"]
[SourceQuality "1"]

1. e4 e6 2. d4 d5 3. e5 c5 4. c3 Nc6 5. Nf3 Qb6 6. Bd3 Bd7 7. 0-0 cxd4 8. cxd4 Nxd4 9. Nxd4 Qxd4 10. Nc3 Qxe5 11. Re1 Qd6 12. Nb5 Bxb5 13. Bxb5+ Kd8 14. a3 Ne7 15. g3 Nc6 16. Bf4 Qd7 17. Rc1 Bd6 18. Be3 Ke7 19. Bd4 f6 20. Qg4 Kf7 21. Qh5+ g6 22. Qh4 e5 23. Be3 d4 24. Bc4+ Ke7 25. Bxd4 Nxd4 26. Qxd4 Bc7 27. Qh4 Raf8 28. Red1 Qf5 29. Bd3 Qc8 30. Qh6 Qb8 31. Bc4 Bd6 32. Qg7+ Kd8 33. Be6 1-0

[Event "Zhukovsky op 05"]
[Site "Zhukovsky"]
[Date "2011.??.??"]
[Round "3"]
[White "Tselyutin, Viktor"]
[Black "Domnin, Vladimir"]
[Result "1-0"]
[WhiteElo "1830"]
[BlackElo "1991"]
[PlyCount "55"]
[EventDate "2011.05.15"]
[EventType "swiss"]
[EventRounds "9"]
[EventCountry "RUS"]
[SourceTitle "EXT 2012"]
[Source "ChessBase"]
[SourceDate "2011.11.24"]
[SourceVersion "1"]
[SourceVersionDate "2011.11.24"]
[SourceQuality "1"]

1. Nf3 d5 2. d4 Nc6 3. g3 Nf6 4. Bg2 e6 5. 0-0 Be7 6. Nc3 0-0 7. Bg5 h6 8. Bf4 g5 9. Bxg5 hxg5 10. Nxg5 Bd7 11. e3 Re8 12. h4 a6 13. e4 dxe4 14. Bxe4 Nxe4 15. Ncxe4 Bxg5 16. Nxg5 e5 17. Qh5 Qf6 18. dxe5 Nxe5 19. f4 Ng6 20. Qh7+ Kf8 21. h5 Qg7 22. hxg6 Qxh7 23. gxh7 Kg7 24. Kf2 f6 25. Rad1 Bf5 26. Rd5 Bxh7 27. Rd7+ Kg6 28. Nxh7 1-0

[Event "Zhukovsky op-B 05"]
[Site "Zhukovsky"]
[Date "2010.05.14"]
[Round "2"]
[White "Leschenko, Wjatcheslaw"]
[Black "Tselyutin, Viktor"]
[Result "1-0"]
[WhiteElo "1625"]
[BlackElo "1845"]
[PlyCount "75"]
[EventDate "2010.05.14"]
[EventType "swiss"]
[EventRounds "9"]
[EventCountry "RUS"]
[SourceTitle "EXT 2022"]
[Source "ChessBase"]
[SourceDate "2021.10.06"]
[SourceVersion "1"]
[SourceVersionDate "2021.10.06"]
[SourceQuality "1"]

1. Nf3 c5 2. g3 b6 3. Bg2 Bb7 4. c3 Nf6 5. 0-0 e6 6. Re1 Be7 7. d4 0-0 8. Nbd2 cxd4 9. cxd4 d6 10. b4 Nbd7 11. e4 Rc8 12. a4 Qc7 13. b5 Rfe8 14. Ba3 Bf8 15. Qb1 Qc2 16. e5 dxe5 17. dxe5 Bxa3 18. Rxa3 Qxb1 19. Rxb1 Ng4 20. a5 Bd5 21. axb6 axb6 22. Ra7 Ndxe5 23. h3 Nxf3+ 24. Nxf3 Nh6 25. Ne5 Bxg2 26. Kxg2 Rc2 27. g4 f6 28. Nd7 Nf7 29. Nxb6 Nd6 30. Nd7 Ne4 31. b6 Rxf2+ 32. Kg1 Rd2 33. Rc7 Rd8 34. b7 R2xd7 35. Rxd7 Rb8 36. Rc1 Nd6 37. Rcc7 Nxb7 38. Rxb7 1-0

[Event "Zhukovsky op-B 05"]
[Site "Zhukovsky"]
[Date "2010.05.14"]
[Round "6"]
[White "Shebchenko, Vladimir"]
[Black "Tselyutin, Viktor"]
[Result "1/2-1/2"]
[WhiteElo "1942"]
[BlackElo "1845"]
[PlyCount "78"]
[EventDate "2010.05.14"]
[EventType "swiss"]
[EventRounds "9"]
[EventCountry "RUS"]
[SourceTitle "EXT 2022"]
[Source "ChessBase"]
[SourceDate "2021.10.06"]
[SourceVersion "1"]
[SourceVersionDate "2021.10.06"]
[SourceQuality "1"]

1. c4 c5 2. Nc3 Nf6 3. g3 e6 4. Nf3 b6 5. Bg2 Bb7 6. 0-0 Be7 7. d4 cxd4 8. Nxd4 Bxg2 9. Kxg2 Qc8 10. Qd3 Nc6 11. b3 Ne5 12. Qe3 Qb7+ 13. f3 d6 14. Ba3 a6 15. Kg1 0-0 16. f4 Nfg4 17. Qd2 Nc6 18. Nxc6 Qxc6 19. h3 Nf6 20. Qd3 b5 21. cxb5 axb5 22. Bb4 Rab8 23. e4 Nd7 24. Rac1 Qb6+ 25. Kh2 Rfe8 26. Rcd1 Nc5 27. Qe3 Rbc8 28. e5 d5 29. f5 Bf8 30. fxe6 Qxe6 31. Rxd5 Na4 32. Bxf8 Nxc3 33. Rc5 Nd5 34. Qd4 Ra8 35. Qxd5 Rxa2+ 36. Kg1 Qxd5 37. Rxd5 Kxf8 38. Rf2 Ra1+ 39. Kg2 Re1 1/2-1/2

[Event "Zhukovsky op-B 05"]
[Site "Zhukovsky"]
[Date "2010.05.14"]
[Round "7"]
[White "Shvetzov, Mikhail"]
[Black "Tselyutin, Viktor"]
[Result "1-0"]
[WhiteElo "1770"]
[BlackElo "1845"]
[PlyCount "77"]
[EventDate "2010.05.14"]
[EventType "swiss"]
[EventRounds "9"]
[EventCountry "RUS"]
[SourceTitle "EXT 2022"]
[Source "ChessBase"]
[SourceDate "2021.10.06"]
[SourceVersion "1"]
[SourceVersionDate "2021.10.06"]
[SourceQuality "1"]

1. e4 c5 2. Nc3 b6 3. Nf3 Bb7 4. d4 cxd4 5. Nxd4 a6 6. Bc4 e6 7. Be3 Qc7 8. Bb3 Nf6 9. f3 Be7 10. Qe2 0-0 11. 0-0-0 b5 12. h4 Nc6 13. h5 Ne5 14. Kb1 Rfc8 15. g4 Nc4 16. Bc1 Bb4 17. g5 Ne8 18. g6 Nxb2 19. Bxb2 Bxc3 20. Bxc3 Qxc3 21. gxf7+ Kxf7 22. Nf5 Bc6 23. Rd3 Qe5 24. Rhd1 Rc7 25. f4 Qf6 26. Nd4 Kf8 27. e5 Qe7 28. f5 Bd5 29. fxe6 Bxb3 30. axb3 Rac8 31. Rf1+ Kg8 32. Rf7 Qg5 33. Qf2 h6 34. exd7 Nf6 35. dxc8Q+ Rxc8 36. Rg3 Ng4 37. Qf5 Qd2 38. Rxg7+ Kxg7 39. Rxg4+ 1-0

[Event "Zhukovsky-chB"]
[Site "Zhukovsky"]
[Date "2010.04.01"]
[Round "1"]
[White "Podymov, Andrey"]
[Black "Tselyutin, Viktor"]
[Result "0-1"]
[WhiteElo "1681"]
[BlackElo "1801"]
[PlyCount "62"]
[EventDate "2010.04.01"]
[EventType "swiss"]
[EventRounds "9"]
[EventCountry "RUS"]
[SourceTitle "EXT 2022"]
[Source "ChessBase"]
[SourceDate "2021.10.06"]
[SourceVersion "1"]
[SourceVersionDate "2021.10.06"]
[SourceQuality "1"]

1. d4 Nf6 2. c4 g6 3. Nc3 d5 4. cxd5 Nxd5 5. e4 Nxc3 6. bxc3 Bg7 7. Nf3 0-0 8. Be2 c5 9. Be3 Nc6 10. Qd2 Qa5 11. e5 Rd8 12. Rd1 Nxe5 13. Bg5 Nc6 14. 0-0 cxd4 15. cxd4 Qxd2 16. Rxd2 h6 17. d5 hxg5 18. dxc6 Rxd2 19. cxb7 Bxb7 20. Nxd2 Bd5 21. Nc4 Rc8 22. Rc1 e6 23. Kf1 Kf8 24. f3 Ke7 25. Ke1 g4 26. Kd1 gxf3 27. gxf3 Bh6 28. Rc2 Bf4 29. h3 Rh8 30. Nb2 Rxh3 31. Nd3 Rh1+ 0-1

[Event "Zhukovsky-chB"]
[Site "Zhukovsky"]
[Date "2010.04.01"]
[Round "7"]
[White "Prishchepa, Regina"]
[Black "Tselyutin, Viktor"]
[Result "0-1"]
[WhiteElo "1783"]
[BlackElo "1801"]
[PlyCount "81"]
[EventDate "2010.04.01"]
[EventType "swiss"]
[EventRounds "9"]
[EventCountry "RUS"]
[SourceTitle "EXT 2022"]
[Source "ChessBase"]
[SourceDate "2021.10.06"]
[SourceVersion "1"]
[SourceVersionDate "2021.10.06"]
[SourceQuality "1"]

1. e4 c5 2. Nf3 b6 3. d4 cxd4 4. Nxd4 Bb7 5. Nc3 e6 6. Bf4 a6 7. a3 d6 8. Be3 Nd7 9. Bd3 Ngf6 10. 0-0 Be7 11. b4 Qc7 12. Qd2 Rc8 13. Nde2 0-0 14. f3 Rfd8 15. Rad1 Ne5 16. Na4 Nfd7 17. Nac3 Nc4 18. Bxc4 Qxc4 19. Qd4 Rc7 20. Qxc4 Rxc4 21. Rd4 Rdc8 22. Rxc4 Rxc4 23. Rd1 b5 24. Bf4 e5 25. Be3 g6 26. Rd2 f5 27. exf5 gxf5 28. Kf1 Kf7 29. g3 Ke6 30. Kf2 h5 31. h4 d5 32. Nd1 d4 33. Bh6 Bf6 34. Nb2 Rc7 35. Nc1 Rc3 36. Nbd3 Bd5 37. Re2 Kd6 38. Bd2 Rxc2 39. Kf1 Bxf3 40. Rf2 Bg4 41. Ne1 0-1

[Event "Zhukovsky-chB"]
[Site "Zhukovsky"]
[Date "2010.04.01"]
[Round "9"]
[White "Tselyutin, Viktor"]
[Black "Shebchenko, Vladimir"]
[Result "1-0"]
[WhiteElo "1801"]
[BlackElo "1965"]
[PlyCount "121"]
[EventDate "2010.04.01"]
[EventType "swiss"]
[EventRounds "9"]
[EventCountry "RUS"]
[SourceTitle "EXT 2022"]
[Source "ChessBase"]
[SourceDate "2021.10.06"]
[SourceVersion "1"]
[SourceVersionDate "2021.10.06"]
[SourceQuality "1"]

1. e4 c5 2. Nf3 d6 3. d4 cxd4 4. Nxd4 Nc6 5. Nc3 e5 6. Nb3 Be6 7. Be3 Nf6 8. Be2 d5 9. exd5 Nxd5 10. Nxd5 Qxd5 11. Qxd5 Bxd5 12. 0-0 Be7 13. c3 0-0 14. Rfd1 Rad8 15. f3 g6 16. Kf2 Kg7 17. Ke1 f5 18. Nc5 b6 19. Rxd5 Rxd5 20. Ne6+ Kf6 21. Nxf8 Bxf8 22. Bc4 Rd8 23. Bb5 Na5 24. Rd1 Rxd1+ 25. Kxd1 Nb7 26. b4 Nd6 27. Be2 f4 28. Bf2 Nf5 29. Kd2 h5 30. Kd3 Nd6 31. c4 Kf5 32. a3 e4+ 33. fxe4+ Nxe4 34. Bd4 h4 35. h3 Nf6 36. Bf3 g5 37. Bb7 g4 38. Bc8+ Kg5 39. Bxf6+ Kxf6 40. Bxg4 Ke5 41. Bf3 Bd6 42. Kc3 Be7 43. Bb7 a5 44. Kb3 Kd4 45. Ba6 axb4 46. axb4 Bd6 47. Bb5 Be7 48. Be8 Bd6 49. Bf7 Be7 50. Ka4 Kc3 51. Kb5 Bxb4 52. Kxb6 Kd4 53. Kc6 Bc5 54. Bd5 Ba7 55. Kd6 Bc5+ 56. Ke6 Ke3 57. Kf5 Bd6 58. Bf3 Bc5 59. Ke5 Bd4+ 60. Kd5 Bb6 61. c5 1-0

[Event "Zhukovsky op-B 05"]
[Site "Zhukovsky"]
[Date "2009.05.??"]
[Round "7"]
[White "Ershov, Aleksey"]
[Black "Tselyutin, Viktor"]
[Result "1-0"]
[WhiteElo "1682"]
[BlackElo "1818"]
[PlyCount "130"]
[EventDate "2009.05.??"]
[EventType "swiss"]
[EventRounds "9"]
[EventCountry "RUS"]
[SourceTitle "EXT 2012"]
[Source "ChessBase"]
[SourceDate "2011.11.24"]
[SourceVersion "1"]
[SourceVersionDate "2011.11.24"]
[SourceQuality "1"]

1. e4 c5 2. Nf3 b6 3. d4 cxd4 4. Nxd4 Bb7 5. Nc3 a6 6. a4 e6 7. g3 Be7 8. Bg2 Qc7 9. 0-0 d6 10. Be3 Nf6 11. Qe2 Nbd7 12. f4 Rc8 13. f5 e5 14. Nb3 Qc4 15. Qd3 Ng4 16. Bd2 h6 17. h3 Ngf6 18. Be3 0-0 19. g4 Rfd8 20. g5 hxg5 21. Bxg5 Qxd3 22. cxd3 Nc5 23. Nxc5 dxc5 24. Rf3 Rd7 25. Bxf6 Bxf6 26. Rg3 c4 27. Nd5 Bxd5 28. exd5 cxd3 29. Rxd3 Rc2 30. Rb1 Be7 31. b4 Rc4 32. Rdb3 Rf4 33. a5 b5 34. Rc1 Bxb4 35. Rc6 Bxa5 36. Rxa6 Bd2 37. Rxb5 Be3+ 38. Kh1 Rd4 39. Rb1 Bf4 40. f6 gxf6 41. Rxf6 Kg7 42. Rc6 e4 43. Re1 e3 44. Bf3 Rd2 45. Rg1+ Kf8 46. Rg2 R7xd5 47. Bxd5 Rxd5 48. Re2 Rd1+ 49. Kg2 Ke7 50. h4 f6 51. Rc4 Bh6 52. Rc6 Rd2 53. Kf3 Rd1 54. Kg4 Rf1 55. Kh5 Bf4 56. Rc4 Ke6 57. Kg6 Ke5 58. h5 Rf2 59. Rcc2 Rxe2 60. Rxe2 f5 61. h6 Bxh6 62. Kxh6 Ke4 63. Kg5 f4 64. Kg4 f3 65. Ra2 f2 1-0